| 000 | 01214nam a22004337a 4500 | ||
|---|---|---|---|
| 001 | BR2010003842 | ||
| 003 | BR-BrBNA | ||
| 005 | 20230928103523.0 | ||
| 007 | ta | ||
| 008 | 230509b bl.||||| |||| 00| 0 por d | ||
| 040 |
_aBR-BrBNA _bpor _cBiblioteca Nacional de Agricultura |
||
| 041 | _a(Por) | ||
| 072 | _aA50 | ||
| 090 | _ A50 BR2010003842 | ||
| 110 | 1 | _aEMBRAPA, Brasília, DF (Brasil) | |
| 110 | 1 | _aMinistério da Agricultura, Pecuária e Abastecimento, Brasília, DF | |
| 245 | 1 | _aPAC EMBRAPA: investindo no conhecimento | |
| 260 | 3 |
_aBrasília, DF (Brasil): _c2010. |
|
| 300 | _a100 p. | ||
| 500 | _a69 illus.; 9 tables | ||
| 650 | _aPESQUISA AGRÍCOLA | ||
| 650 | _aPRODUÇÃO AGRÍCOLA | ||
| 650 | _aINOVAÇÃO | ||
| 650 | _aRECURSO HUMANO | ||
| 650 | _aGESTÃO | ||
| 650 | _aAGRICULTURA SUSTENTÁVEL | ||
| 650 | _aSEGURANÇA ALIMENTAR | ||
| 650 | _aRECURSO NATURAL | ||
| 650 | _aPROJETO DE PESQUISA | ||
| 650 | _aCASTANHA DO PARÁ | ||
| 650 | _aMANDIOCA | ||
| 650 | _aÁGUA DE IRRIGAÇÃO | ||
| 650 | _aCANA DE AÇÚCAR | ||
| 650 | _aAZEITONA | ||
| 650 | _aFEIJÃO TREPADOR | ||
| 650 | _aINTEGRAÇÃO | ||
| 909 |
_a202309 _bLucia _c55 _dLucia Elande |
||
| 942 | _cBK | ||
| 999 |
_c75460 _d75460 |
||